Analýza vývoja cien vybraných komodít a akcií na medzinárodných trhoch diplomová práca

Uložené v:
Podrobná bibliografia
Hlavný autor: Slaninka, Dávid
Korporativný autor: Fakulta hospodárskej informatiky EU. Katedra štatistiky
Ďalší autori: Sipková, Ľubica, 1962-
Médium: Kniha
Jazyk:Slovak
Vydavateľské údaje: Bratislava 2018
Tagy: Pridať tag
Žiadne tagy, Buďte prvý, kto otaguje tento záznam!

MARC

LEADER 00000nbm a2200000 4500
001 0243544
005 20181010105648.7
041 0 |a slo 
044 |a SK 
245 1 0 |a Analýza vývoja cien vybraných komodít a akcií na medzinárodných trhoch  |b diplomová práca  |c Dávid Slaninka ; školiteľ: Ľubica Sipková 
264 1 |a Bratislava  |c 2018 
300 |a 72 s. 
100 1 |a Slaninka, Dávid 
700 1 |a Sipková, Ľubica, 1962- 
710 2 |a Fakulta hospodárskej informatiky EU. Katedra štatistiky